000 00580nam a2200181Ia 4500
008 090123s9999 xx 000 0 und d
082 _b19949
_a891.463/तिबि
100 _aतिबिले अनंत दत्तत्रय
245 _aसावज
250 _a1
260 _bमनोरमा प्रकाशन
_c1990
300 _a228
600 _aतिबिले अनंत दत्तत्रय
630 _aसावज
700 _aतिबिले अनंत दत्तत्रय
730 _aसावज
942 _cBOOK
999 _c58021
_d58021